000
00374nam a22001337a 4500
003
SGT
020
_a
9788193503218
082
_a
891.4309
_b
B18T
100
_a
ठाकुर, नरेंद्र
245
_a
भारत की भारतीय अवधारणा
260
_b
विमर्श प्रकाशन
_c
2018
300
_a
112
942
_2
ddc
_c
BK
999
_c
30145
_d
30145